Statistics for The Room Quotes

Click here to take the quiz!

General Stats

  • This quiz has been taken 120 times
  • The average score is 13 of 19

Answer Stats

Quote % Correct
I got the results of the test back. I definitely have {breast} {cancer}.
94%
I did not {hit} her, it's not true!
94%
Anyway, how's your {sex} {life}?
89%
You are {tearing} {me} {apart}, Lisa!
88%
Oh hi, Johnny, I didn't {know} it was you.
87%
{Oh} {hi}, Mark.
85%
Hahaha! What a {story}, Mark.
80%
You're my favorite {customer}.
77%
If a lot of people {loved} each other, the world would be a better place to live in.
74%
You betrayed me! You're not good, you...you're just a chicken! {Cheep}, {cheep}, {cheep}, {cheep}, {cheep}, {cheep}!
72%
I'm so happy I have you as my {best} {friend}, and I love Lisa so much.
68%
Everybody {betrayed} me! I'm fed up with this world!
66%
Leave your stupid comments in your {pocket}!
61%
I just like to {watch} you guys.
59%
I cannot tell you, it's {confidential}.
57%
Hi, {doggy}!
54%
I used to know a girl, she had a dozen guys. One of them found out about it…beat her up so bad she ended up at a hospital on {Guerrero} Street.
40%
Why are you so {hysterical}?
35%
Denny, don't {plan} too much. It may not come out right.
24%

Score Distribution

Percentile by Number Answered

Percent of People with Each Score

Your Score History

You have not taken this quiz